| 000 | 00518nam a2200157 a 4500 | ||
|---|---|---|---|
| 005 | 20140414131851.0 | ||
| 008 | 100729s19uu xx 00 eng d | ||
| 050 |
_aM 591.51 _bH62 1994 |
||
| 100 | _aHirschi, Ron | ||
| 245 |
_aA time for playing / _cRon Hirschi ; photographs by Thomas D. Mangelsen. |
||
| 260 |
_aNew York : _bCobblehill Books/Dutton, _c1994. |
||
| 440 | _aA How animals live book | ||
| 650 | _aPlay behavior in animals --Juvenile literature. | ||
| 650 | _aAnimals --Play behavior. | ||
| 999 |
_c110174 _d110174 |
||